000 00225nam a22001097a 4500
040 _cSK
082 _a302
100 _aឱម សូរិយា
245 _aCultural studies
260 _aPhnom Penh
_bឱម
_cNA
942 _cKB
999 _c8532
_d8532